Introducción al análisis complejo con aplicaciones

Wedi'i Gadw mewn:
Manylion Llyfryddiaeth
Prif Awduron: Zill, Dennis G (Awdur), Shanahan, Patrick D (Awdur)
Fformat: Llyfr
Iaith:Sbaeneg
Cyhoeddwyd: Ciudad de México Cencage Learning Editores 2011
Rhifyn:2a. ed
Pynciau:
Tagiau: Ychwanegu Tag
Dim Tagiau, Byddwch y cyntaf i dagio'r cofnod hwn!

MARC

LEADER 00000cam a2200000 a 4500
001 UCE6886
003 CL-VaPUC
008 150514e20110000mx |||||||||||||||||spa|d
020 |a 9786074815962 
082 0 4 |a 515.9  |b ZIL  |2 21 
100 0 |a Zill, Dennis G  |e author  |9 579558 
700 0 |a Shanahan, Patrick D  |e author  |9 579559 
245 1 0 |a Introducción al análisis complejo con aplicaciones 
250 |a 2a. ed 
300 |a 405 p 
942 |c BK 
945 |d 20150514 13:01:00  |a cmena 
260 |a Ciudad de México  |b Cencage Learning Editores  |c 2011 
650 0 |a Números complejos  |9 270335 
650 0 |a Funciones analíticas  |9 270036 
650 7 |a MAPEOS ANALITICOS  |2 CL-VaPUC  |9 424928 
583 |a last modification  |c 20150514 13:01:00  |k Rodrigo Vera 
999 |c 359065  |d 359063 
952 |0 0  |1 0  |3 erb  |4 0  |6 515_900000000000000_ZIL_2011  |7 0  |8 A  |9 468083  |a BIBCUR  |b BIBCUR  |i 5149967  |l 9  |m 8  |o 515.9 ZIL 2011  |p 5149967  |r 2025-04-22  |s 2024-09-30  |w 2019-11-23  |y BK  |z Catalogado en:20150514  |k FIS